| 000 | 00765nam a2200217 i 4500 | ||
|---|---|---|---|
| 001 | 16432 | ||
| 003 | ES-MaACL | ||
| 005 | 20250910063054.0 | ||
| 007 | t| | ||
| 008 | 000920s1951 sp ||||1| spa d | ||
| 080 | _a930.255(460.27 M.)Marina | ||
| 100 | 1 |
_aGuillén Tato, Julio F., _d1897-1972 _960793 |
|
| 245 | 1 | 0 |
_aIndice de los expedientes y papeles de la Sección de Indiferente del Archivo Central de Marina / _cJulio F. Guillén. |
| 260 |
_aMadrid : _bInstituto Histórico de Marina, _c1951. |
||
| 300 |
_a291 p. ; _c34 cm. |
||
| 505 | 8 | _aI. 1730-1794 | |
| 610 | 2 | 7 |
_aArchivo Central de Marina- _vCatálogos. _91422 |
| 710 | 2 |
_aInstituto Histórico de Marina (Madrid) _9151343 |
|
| 852 |
_aES-MaACL _jG-2180 _bR.90087 |
||
| 999 |
_c16432 _d16432 |
||